Pediatric nursing care plans / (Record no. 22874)
[ view plain ]
| 000 -LEADER | |
|---|---|
| fixed length control field | 01505nam a22002415a 4500 |
| 008 - FIXED-LENGTH DATA ELEMENTS--GENERAL INFORMATION | |
| fixed length control field | 161027s2012 ii |||fr|||| 001 0 eng d |
| 020 ## - INTERNATIONAL STANDARD BOOK NUMBER | |
| International Standard Book Number | 9350258684 |
| 020 ## - INTERNATIONAL STANDARD BOOK NUMBER | |
| International Standard Book Number | 9789350258682 |
| 082 04 - DEWEY DECIMAL CLASSIFICATION NUMBER | |
| Edition number | 22 |
| Item number | BEE |
| Classification number | 618.20231 |
| 100 1# - MAIN ENTRY--PERSONAL NAME | |
| 9 (RLIN) | 41623 |
| Personal name | Beevi, Assuma. |
| 245 ## - TITLE STATEMENT | |
| Title | Pediatric nursing care plans / |
| Statement of responsibility, etc | Assuma Beevi |
| 260 ## - PUBLICATION, DISTRIBUTION, ETC. (IMPRINT) | |
| Place of publication, distribution, etc | New Delhi : |
| Name of publisher, distributor, etc | Jaypee Brothers Mdical Publishers (p) Ltd., |
| Date of publication, distribution, etc | 2012. |
| 300 ## - PHYSICAL DESCRIPTION | |
| Extent | xi, 364 p. : |
| Dimensions | 28 cm. |
| 500 ## - GENERAL NOTE | |
| General note | Index : p. 361-364. |
| 504 ## - BIBLIOGRAPHY, ETC. NOTE | |
| Bibliography, etc | Includes bibliographical references. |
| 505 ## - FORMATTED CONTENTS NOTE | |
| Formatted contents note | 1. Child Health Assessment -- 2. Generic Care Plans -- 3. Nursing Care of Children with Alteration in Respiratory Function -- 4. Nursing Care of Children with Alteration in Cardiovascular Function -- 5. Nursing Care of Children with Alteration in Central Nervous System Dysfunction -- 6. Nursing Care of Children with Gastrointestinal Dysfunction -- 7. Nursing Care of Children with Genitourinary Dysfunction -- 8. Nursing Care of Children with Endocrine Dysfunction -- 9. Nursing Care of Children with Hematological Dysfunction -- 10. Nursing Care of Children with Musculoskeletal Dysfunction -- 11. Nursing Care of Children with Malignant Disorders -- 12. Nursing Care of Children with Integumentary Dysfunction and Other Special Topics. |
| 590 ## - LOCAL NOTE (RLIN) | |
| Local note | Wessam |
| 650 #7 - SUBJECT ADDED ENTRY--TOPICAL TERM | |
| Source of heading or term | BUEsh |
| 9 (RLIN) | 19967 |
| Topical term or geographic name as entry element | Pediatric nursing. |
| 650 #7 - SUBJECT ADDED ENTRY--TOPICAL TERM | |
| 9 (RLIN) | 41624 |
| Topical term or geographic name as entry element | Pediatric nursing |
| Form subdivision | Handbooks, manuals, etc. |
| Source of heading or term | BUEsh |
| 651 ## - SUBJECT ADDED ENTRY--GEOGRAPHIC NAME | |
| Source of heading or term | BUEsh |
| 653 ## - INDEX TERM--UNCONTROLLED | |
| Resource For college | Nursing |
| Arrived date list | October2016 |
| 942 ## - ADDED ENTRY ELEMENTS (KOHA) | |
| Source of classification or shelving scheme | Dewey Decimal Classification |
| Edition | 22 |
| Call number prefix | 618.20231 BEE |
| Withdrawn status | Item status | Source of classification or shelving scheme | Damaged status | Not for loan | Vendor | Home library | Current library | Shelving location | Date acquired | Source of acquisition | Cost, normal purchase price | Serial Enumeration / chronology | Total Checkouts | Total Renewals | Full call number | Barcode | Date last seen | Date last borrowed | Cost, replacement price | Koha item type |
|---|---|---|---|---|---|---|---|---|---|---|---|---|---|---|---|---|---|---|---|---|
| Dewey Decimal Classification | Baccah | Central Library | Central Library | First floor | 27/10/2016 | Purchase | 143.00 | 3632 | 4 | 42 | 618.20231 BEE | 000034472 | 15/07/2025 | 11/12/2024 | 178.75 | Book - Borrowing |